Radon 2000 (Record no. 97877)
[ view plain ]
| 000 -LEADER | |
|---|---|
| fixed length control field | 01228cam a2200325 4500 |
| 008 - FIXED-LENGTH DATA ELEMENTS--GENERAL INFORMATION | |
| fixed length control field | 090401t1992 xxu||||| |||| 00| 0 eng d |
| 020 ## - INTERNATIONAL STANDARD BOOK NUMBER | |
| International Standard Book Number | 187096523X |
| 022 ## - INTERNATIONAL STANDARD SERIAL NUMBER | |
| International Standard Serial Number | 0144-8420 |
| 035 ## - SYSTEM CONTROL NUMBER | |
| System control number | (Sirsi) u94003 |
| 041 ## - LANGUAGE CODE | |
| Language code of text/sound track or separate title | eng |
| 050 ## - LIBRARY OF CONGRESS CALL NUMBER | |
| Classification number | 615.925756 |
| -- | 18 |
| 245 ## - TITLE STATEMENT | |
| Title | Radon 2000 |
| Remainder of title | proceedings of a conference held in London, March 26-27, 1992. |
| 260 ## - PUBLICATION, DISTRIBUTION, ETC. | |
| Place of publication, distribution, etc. | Ashford |
| Name of publisher, distributor, etc. | Nuclear Technology Publishing |
| Date of publication, distribution, etc. | 1992 |
| 300 ## - PHYSICAL DESCRIPTION | |
| Extent | (118)p. |
| Dimensions | 24cm. |
| 350 ## - PRICE (NR) (BK AM CF MU VM SE) [OBSOLETE] | |
| Price | 27 |
| 490 ## - SERIES STATEMENT | |
| Series statement | Radiation Protection Dosimetry |
| Volume/sequential designation | 42(3) 1992 |
| 505 ## - FORMATTED CONTENTS NOTE | |
| Formatted contents note | Building pathology and the interpretation of the impact of radon on the property market |
| 505 ## - FORMATTED CONTENTS NOTE | |
| Formatted contents note | Conveyancing implications of radon in homes in England and Wales |
| 505 ## - FORMATTED CONTENTS NOTE | |
| Formatted contents note | The principles of radon remediation and protection in UK dwelling |
| 520 ## - SUMMARY, ETC. | |
| Summary, etc. | Proceedings of the conference, which reviewed the full range of work on radon in the UK. |
| 690 ## - LOCAL SUBJECT ADDED ENTRY--TOPICAL TERM (OCLC, RLIN) | |
| Topical term or geographic name as entry element | MANAGEMENT-HEALTH AND SAFETY-HAZARDOUS SUBSTANCES-RADON |
| 700 ## - ADDED ENTRY--PERSONAL NAME | |
| Personal name | Miles, J. C. H. |
| International Standard Serial Number | Editor |
| 700 ## - ADDED ENTRY--PERSONAL NAME | |
| Personal name | O'Riordan, M. C. |
| International Standard Serial Number | Editor |
| 700 ## - ADDED ENTRY--PERSONAL NAME | |
| Personal name | Hollis, Malcolm |
| 700 ## - ADDED ENTRY--PERSONAL NAME | |
| Personal name | Adams, J. E. |
| 700 ## - ADDED ENTRY--PERSONAL NAME | |
| Personal name | Woolliscroft, M. |
| 710 ## - ADDED ENTRY--CORPORATE NAME | |
| Corporate name or jurisdiction name as entry element | National Radiological Protection Board |
| 9 (RLIN) | 241 |
| 942 ## - ADDED ENTRY ELEMENTS (KOHA) | |
| Suppress in OPAC | 0 |
| 948 ## - LOCAL PROCESSING INFORMATION (OCLC); SERIES PART DESIGNATOR (RLIN) | |
| c (OCLC) | 04/03/1997 |
| Withdrawn status | Lost status | Source of classification or shelving scheme | Damaged status | Not for loan | Home library | Current library | Shelving location | Date acquired | Cost, normal purchase price | Total Checkouts | Full call number | Barcode | Date last seen | Copy number | Cost, replacement price | Price effective from | Koha item type |
|---|---|---|---|---|---|---|---|---|---|---|---|---|---|---|---|---|---|
| Dewey Decimal Classification | London | London | Books | 20/01/1993 | 27.00 | 615.925756 NAT | 30043509 | 06/08/2019 | 1 | 27.00 | 06/08/2019 | Book |